[Event "Moscow VAO FM-A 06"]
[Site "Moscow"]
[Date "2016.06.30"]
[Round "2"]
[White "Kakabayaev, Mergen"]
[Black "Nazarov, Rustem"]
[Result "1-0"]
[WhiteElo "2303"]
[BlackElo "2112"]
[PlyCount "113"]
[EventDate "2016.06.29"]
[EventType "tourn"]
[EventRounds "9"]
[EventCountry "RUS"]
[SourceTitle "EXT 2018"]
[Source "ChessBase"]
[SourceDate "2017.10.13"]
[SourceVersion "1"]
[SourceVersionDate "2017.10.13"]
[SourceQuality "1"]

1. e4 e5 2. Nf3 Nf6 3. Nc3 Bb4 4. Bc4 Bxc3 5. dxc3 0-0 6. Bg5 h6 7. Bh4 d6 8. Qe2 Be6 9. Bxe6 fxe6 10. 0-0-0 Qe8 11. Bxf6 Rxf6 12. h4 Qa4 13. Kb1 Na6 14. Ne1 Nc5 15. f3 a5 16. Nd3 Qb5 17. Qd2 Raf8 18. c4 Qxc4 19. Qxa5 b6 20. Qb4 Qa6 21. Nxc5 bxc5 22. Qa3 Qe2 23. Qa5 R6f7 24. Qd2 Qb5 25. Rhf1 Rb8 26. Qc3 Rf4 27. h5 Rh4 28. Rh1 Qe2 29. Qd3 Qxd3 30. cxd3 Rf4 31. Kc2 Rff8 32. a4 Rb4 33. Ra1 Ra8 34. b3 Kf7 35. Ra3 Ra5 36. Rb1 Ra7 37. Rg1 c6 38. g4 Ra8 39. g5 hxg5 40. Rxg5 Rbb8 41. Ra1 Rh8 42. Rag1 Rh7 43. Kc3 Rb8 44. R1g4 Kf6 45. f4 exf4 46. Rg6+ Ke7 47. Rxf4 d5 48. e5 Rf8 49. Rxf8 Kxf8 50. Rxe6 Rxh5 51. Kb2 Kf7 52. Rxc6 Rxe5 53. a5 Re8 54. Rxc5 g5 55. b4 g4 56. b5 g3 57. Rc2 1-0

[Event "Asia-ch Junior blitz"]
[Site "Delhi"]
[Date "2016.05.11"]
[Round "5.3"]
[White "Mosadeghpour, Masoud"]
[Black "Nazarov, Rustem"]
[Result "0-1"]
[WhiteElo "2312"]
[BlackElo "2142"]
[PlyCount "55"]
[EventDate "2016.05.11"]
[EventType "swiss (blitz)"]
[EventRounds "9"]
[EventCountry "IND"]
[SourceTitle "EXT 2022"]
[Source "ChessBase"]
[SourceDate "2021.10.06"]
[SourceVersion "1"]
[SourceVersionDate "2021.10.06"]
[SourceQuality "1"]

1. e4 e5 2. Nf3 Nc6 3. Bc4 Bc5 4. b4 Bxb4 5. c3 Ba5 6. d4 exd4 7. 0-0 Nge7 8. Ng5 Ne5 9. Nxf7 Nxf7 10. Bxf7+ Kxf7 11. Qh5+ Ng6 12. Qd5+ Ke8 13. Qxa5 b6 14. Qd5 Ba6 15. Re1 d3 16. Bg5 c6 17. Qf5 Qc7 18. Nd2 Qe5 19. Nf3 Qxc3 20. Rac1 Qb4 21. e5 Rf8 22. Qh3 Rxf3 23. Qxf3 d2 24. Bxd2 Qxd2 25. e6 Qf4 26. exd7+ Kxd7 27. Qxc6+ Kd8 28. Re8# 0-1

[Event "Asia-ch U20"]
[Site "New Delhi"]
[Date "2016.05.09"]
[Round "7"]
[White "Sammed Jaykumar, Shete"]
[Black "Nazarov, Rustem"]
[Result "1-0"]
[WhiteElo "2253"]
[BlackElo "1998"]
[PlyCount "95"]
[EventDate "2016.05.04"]
[EventType "swiss"]
[EventRounds "9"]
[EventCountry "IND"]
[SourceTitle "CBM 172 Extra"]
[Source "ChessBase"]
[SourceDate "2016.06.21"]
[SourceVersion "1"]
[SourceVersionDate "2016.06.21"]
[SourceQuality "1"]

1. e4 c5 2. c3 Nf6 3. e5 Nd5 4. Bc4 e6 5. d4 Nb6 6. Bb3 cxd4 7. Nf3 dxc3 8. Nxc3 d5 9. exd6 Bxd6 10. 0-0 Na6 11. Qe2 0-0 12. Rd1 Qe7 13. Bg5 f6 14. Bh4 Nc5 15. Bc2 a5 16. Rac1 Bf4 17. Rb1 e5 18. b4 Ne6 19. bxa5 Nd7 20. Nd5 Qf7 21. Nb6 Nxb6 22. axb6 Qh5 23. Bb3 Kh8 24. Bg3 Bxg3 25. hxg3 Nc5 26. Rbc1 Nxb3 27. axb3 Qf7 28. Qb5 e4 29. Rc7 Qe6 30. Qc5 Rg8 31. Nd4 Qg4 32. Re1 f5 33. Qe5 Qg6 34. Qc5 e3 35. Nf3 exf2+ 36. Qxf2 h6 37. Ne5 Qf6 38. Rf7 Qe6 39. g4 Ra6 40. gxf5 Qxb6 41. Ng6+ Kh7 42. Nf8+ Kh8 43. Qxb6 Rxb6 44. Re8 Bxf5 45. Rxf5 Rxb3 46. Re7 b5 47. Rff7 Rg3 48. Re6 1-0

[Event "Moscow op-A"]
[Site "Moscow"]
[Date "2015.02.07"]
[Round "8"]
[White "Nazarov, Rustem"]
[Black "Ageichenko, Genadi A"]
[Result "0-1"]
[WhiteElo "2059"]
[BlackElo "2269"]
[PlyCount "76"]
[EventDate "2015.01.31"]
[EventType "swiss"]
[EventRounds "9"]
[EventCountry "RUS"]
[SourceTitle "CBM 164 Extra"]
[Source "ChessBase"]
[SourceDate "2015.03.02"]
[SourceVersion "1"]
[SourceVersionDate "2015.03.02"]
[SourceQuality "1"]

1. e4 c5 2. Nf3 e6 3. d4 cxd4 4. Nxd4 Nc6 5. Nc3 a6 6. Be2 Qc7 7. 0-0 Nf6 8. Be3 Bb4 9. Na4 b5 10. Nxc6 Qxc6 11. Nb6 Rb8 12. e5 Bb7 13. Bf3 Ne4 14. Qd3 d5 15. exd6 Bxd6 16. Rfe1 f5 17. Rad1 Rd8 18. Bxe4 fxe4 19. Qc3 Qxc3 20. bxc3 Bc7 21. c4 bxc4 22. Rxd8+ Bxd8 23. Nxc4 Bd5 24. Nd6+ Kd7 25. Nf7 Ba5 26. Rd1 Rf8 27. c4 Rxf7 28. cxd5 Rf5 29. dxe6+ Kxe6 30. Rd4 Re5 31. Bf4 Rb5 32. g3 Kf5 33. Ra4 Bb6 34. Rxa6 Rb1+ 35. Kg2 Rb2 36. Kh3 g5 37. Rxb6 Rxb6 38. Bd2 h5 0-1

[Event "Moscow op-A"]
[Site "Moscow"]
[Date "2015.02.06"]
[Round "7"]
[White "Urazayev, Arystanbek"]
[Black "Nazarov, Rustem"]
[Result "0-1"]
[WhiteElo "2205"]
[BlackElo "2059"]
[PlyCount "64"]
[EventDate "2015.01.31"]
[EventType "swiss"]
[EventRounds "9"]
[EventCountry "RUS"]
[SourceTitle "CBM 164 Extra"]
[Source "ChessBase"]
[SourceDate "2015.03.02"]
[SourceVersion "1"]
[SourceVersionDate "2015.03.02"]
[SourceQuality "1"]

1. e4 c5 2. Nf3 d6 3. d4 cxd4 4. Nxd4 Nf6 5. Nc3 a6 6. Be3 e5 7. Nf3 Be7 8. Bc4 0-0 9. 0-0 Qc7 10. Qe2 b5 11. Bb3 Bb7 12. Nd2 Nbd7 13. f3 b4 14. Nd5 Nxd5 15. exd5 a5 16. a4 Nc5 17. Bc4 f5 18. b3 Kh8 19. f4 e4 20. Bd4 Bf6 21. Qe3 Bxd4 22. Qxd4 Qb6 23. Rfd1 Nxa4 24. Nxe4 fxe4 25. bxa4 Qxd4+ 26. Rxd4 Rxf4 27. Re1 Re8 28. g3 Rg4 29. Kf2 h5 30. Kg2 Re5 31. Rf1 e3 32. Rxg4 hxg4 0-1

[Event "Moscow op-A"]
[Site "Moscow"]
[Date "2015.02.04"]
[Round "5"]
[White "Nazarov, Rustem"]
[Black "Rakhimgaliyev, Yerlan"]
[Result "0-1"]
[WhiteElo "2059"]
[BlackElo "2302"]
[PlyCount "54"]
[EventDate "2015.01.31"]
[EventType "swiss"]
[EventRounds "9"]
[EventCountry "RUS"]
[SourceTitle "CBM 164 Extra"]
[Source "ChessBase"]
[SourceDate "2015.03.02"]
[SourceVersion "1"]
[SourceVersionDate "2015.03.02"]
[SourceQuality "1"]

1. e4 e5 2. Nf3 Nc6 3. Bb5 a6 4. Ba4 Nf6 5. 0-0 b5 6. Bb3 Bc5 7. c3 d6 8. d4 Bb6 9. Bg5 0-0 10. Bd5 Bd7 11. Nbd2 h6 12. Bh4 exd4 13. e5 dxe5 14. Ne4 g5 15. Nfxg5 Nxd5 16. Qh5 hxg5 17. Bxg5 Nf4 18. Bxf4 Qe7 19. Bg5 f6 20. Qg6+ Qg7 21. Nxf6+ Rxf6 22. Qxf6 Qxf6 23. Bxf6 Rf8 24. Bg5 d3 25. Rae1 Bg4 26. Be3 Be2 27. Bxb6 Bxf1 0-1

[Event "Moscow op-A"]
[Site "Moscow"]
[Date "2015.02.02"]
[Round "3"]
[White "Alekseev, Evgeny V"]
[Black "Nazarov, Rustem"]
[Result "1-0"]
[WhiteElo "2679"]
[BlackElo "2059"]
[PlyCount "61"]
[EventDate "2015.01.31"]
[EventType "swiss"]
[EventRounds "9"]
[EventCountry "RUS"]
[SourceTitle "CBM 164 Extra"]
[Source "ChessBase"]
[SourceDate "2015.03.02"]
[SourceVersion "1"]
[SourceVersionDate "2015.03.02"]
[SourceQuality "1"]

1. e4 c5 2. Nf3 d6 3. d4 cxd4 4. Nxd4 Nf6 5. Nc3 a6 6. h3 g6 7. g4 Bg7 8. Bg2 0-0 9. Be3 Nc6 10. Qd2 Bd7 11. f4 Rc8 12. 0-0-0 Na5 13. b3 Qc7 14. Nd5 Nxd5 15. exd5 b5 16. Rhe1 b4 17. Kb1 Nb7 18. Bf2 Rfe8 19. Re2 Bb5 20. Nxb5 axb5 21. Qxb4 Bc3 22. Qxb5 Ra8 23. Rd3 Rec8 24. a4 Na5 25. Bb6 Qb7 26. Bd4 Qxb5 27. axb5 Bxd4 28. Rxd4 Rc5 29. Rb4 Kf8 30. c4 Nb7 31. Ra2 1-0

[Event "Wch U16"]
[Site "Al Ain"]
[Date "2013.12.23"]
[Round "7"]
[White "Stathopoulos, Ioannis"]
[Black "Nazarov, Rustem"]
[Result "1-0"]
[WhiteElo "2297"]
[BlackElo "2136"]
[PlyCount "69"]
[EventDate "2013.12.18"]
[EventType "swiss"]
[EventRounds "11"]
[EventCountry "UAE"]
[SourceTitle "CBM 158 Extra"]
[Source "ChessBase"]
[SourceDate "2014.02.28"]
[SourceVersion "1"]
[SourceVersionDate "2014.02.28"]
[SourceQuality "1"]

1. d4 Nf6 2. c4 g6 3. Nc3 Bg7 4. e4 d6 5. f3 0-0 6. Nge2 c6 7. Be3 Nbd7 8. Qd2 Qc7 9. Bh6 e5 10. Bxg7 Kxg7 11. 0-0-0 a6 12. g4 b5 13. Ng3 b4 14. Na4 Qa5 15. b3 Nb6 16. Nxb6 Qxb6 17. c5 Qb8 18. g5 Nd7 19. Bh3 dxc5 20. Bxd7 Bxd7 21. dxc5 Be6 22. Qb2 a5 23. f4 a4 24. f5 axb3 25. axb3 Bc8 26. Rd6 Re8 27. Kb1 Ra5 28. Rhd1 Qc7 29. h4 Rxc5 30. fxg6 hxg6 31. Qf2 Rc3 32. Qf6+ Kf8 33. Rd8 Rxb3+ 34. Kc2 Rc3+ 35. Kb2 1-0

[Event "Wch U16"]
[Site "Al Ain"]
[Date "2013.12.20"]
[Round "3"]
[White "Samuel, Ngieng Chew Sheng"]
[Black "Nazarov, Rustem"]
[Result "0-1"]
[WhiteElo "1580"]
[BlackElo "2136"]
[PlyCount "79"]
[EventDate "2013.12.18"]
[EventType "swiss"]
[EventRounds "11"]
[EventCountry "UAE"]
[SourceTitle "CBM 158 Extra"]
[Source "ChessBase"]
[SourceDate "2014.02.28"]
[SourceVersion "1"]
[SourceVersionDate "2014.02.28"]
[SourceQuality "1"]

1. e4 c5 2. Nf3 d6 3. Bb5+ Bd7 4. Bxd7+ Qxd7 5. 0-0 Nc6 6. c3 Nf6 7. d3 g6 8. h3 Bg7 9. Be3 0-0 10. Qd2 Rfc8 11. Re1 b5 12. Bf4 b4 13. a3 Rab8 14. axb4 cxb4 15. d4 Qb7 16. d5 Nd8 17. cxb4 Rc4 18. Nc3 Rxb4 19. Qe3 a6 20. Qd3 Rxb2 21. Qxa6 Nh5 22. Qxb7 Nxb7 23. Bd2 Rxd2 24. Nxd2 Bxc3 25. Ra2 Nc5 26. f3 Nf4 27. Rb1 Rc8 28. Rc2 Nxe4 29. Nxe4 Bd4+ 30. Rf2 Nxd5 31. Rd1 Bxf2+ 32. Kxf2 Rc2+ 33. Rd2 Rxd2+ 34. Nxd2 Kg7 35. g3 Nb4 36. f4 d5 37. Nf3 e6 38. Nd4 Kf8 39. g4 Ke7 40. g5 0-1

[Event "World ol U16 11th"]
[Site "Istanbul"]
[Date "2012.09.04"]
[Round "9.9"]
[White "Nazarov, Rustem"]
[Black "Naoum, Spyridon"]
[Result "0-1"]
[WhiteElo "2108"]
[BlackElo "2146"]
[PlyCount "70"]
[EventDate "2012.08.29"]
[EventType "team-swiss"]
[EventRounds "10"]
[EventCountry "TUR"]
[SourceTitle "CBM 150 Extra"]
[Source "ChessBase"]
[SourceDate "2012.10.19"]
[SourceVersion "1"]
[SourceVersionDate "2012.10.19"]
[SourceQuality "1"]
[WhiteTeam "Turkmenistan (U16)"]
[BlackTeam "Greece (U16)"]
[WhiteTeamCountry "TKM"]
[BlackTeamCountry "GRE"]

1. e4 c5 2. Nf3 e6 3. d4 a6 4. Be3 Qc7 5. Bd3 Nf6 6. 0-0 cxd4 7. Nxd4 d6 8. Nc3 b5 9. a3 Bb7 10. f4 Nbd7 11. Qf3 Be7 12. Rae1 Nc5 13. Qg3 g6 14. e5 Nh5 15. Qf2 Ng7 16. Bxb5+ axb5 17. Ndxb5 Qc6 18. exd6 Bh4 19. Qf3 Qxf3 20. gxf3 Bxe1 21. Nc7+ Kd7 22. N7b5 Ke8 23. Nc7+ Kd7 24. Rxe1 Na6 25. Nxa8 Rxa8 26. Ne4 Nf5 27. Ng5 Nxd6 28. Bd4 h6 29. Ne4 Rc8 30. Re2 Nxe4 31. fxe4 Rc4 32. c3 Nc5 33. Bxc5 Rxc5 34. Kf2 Rc4 35. Rd2+ Kc7 0-1

[Event "World ol U16 11th"]
[Site "Istanbul"]
[Date "2012.09.01"]
[Round "6.1"]
[White "Cheng, Bobby Sky"]
[Black "Nazarov, Rustem"]
[Result "1-0"]
[WhiteElo "2358"]
[BlackElo "2108"]
[PlyCount "75"]
[EventDate "2012.08.29"]
[EventType "team-swiss"]
[EventRounds "10"]
[EventCountry "TUR"]
[SourceTitle "CBM 150 Extra"]
[Source "ChessBase"]
[SourceDate "2012.10.19"]
[SourceVersion "1"]
[SourceVersionDate "2012.10.19"]
[SourceQuality "1"]
[WhiteTeam "Australia (U16)"]
[BlackTeam "Turkmenistan (U16)"]
[WhiteTeamCountry "AUS"]
[BlackTeamCountry "TKM"]

1. d4 Nf6 2. c4 g6 3. Nc3 Bg7 4. e4 d6 5. h3 0-0 6. Bg5 Na6 7. Bd3 c5 8. d5 Nc7 9. Nf3 a6 10. a4 b6 11. 0-0 Nd7 12. Bf4 Ne5 13. Bxe5 dxe5 14. a5 b5 15. Qe2 Ne8 16. Nd2 Nd6 17. Qe3 Bd7 18. cxb5 axb5 19. Qxc5 Rxa5 20. Rxa5 Qxa5 21. Nb3 Qa8 22. Ra1 Qb8 23. Qb4 Rc8 24. Ra5 Nc4 25. Bxc4 bxc4 26. Qxb8 Rxb8 27. Nd2 Rc8 28. Ra7 Be8 29. Rxe7 Bh6 30. Nxc4 Bf8 31. Rxe5 f6 32. Nb6 Rxc3 33. Rxe8 Rc1+ 34. Kh2 Kf7 35. Rc8 Bd6+ 36. g3 Re1 37. Nc4 Bf8 38. d6 1-0